[Event "Oberpfalz-ch M2"]
[Site "Schwarzenfeld"]
[Date "2005.??.??"]
[Round "8"]
[White "Janas, Uwe"]
[Black "Baumgaertner, Stephan"]
[Result "1/2-1/2"]
[WhiteElo "1485"]
[BlackElo "1664"]
[PlyCount "57"]
[EventDate "2005.03.19"]
[EventType "swiss"]
[EventRounds "8"]
[EventCountry "GER"]
[SourceTitle "EXT 2022"]
[Source "ChessBase"]
[SourceDate "2021.10.06"]
[SourceVersion "1"]
[SourceVersionDate "2021.10.06"]
[SourceQuality "1"]

1. e4 e5 2. c4 Bc5 3. Nc3 Nc6 4. g3 Qf6 5. Nf3 Nd4 6. Bg2 c6 7. 0-0 d6 8. d3 h6 9. Be3 Bg4 10. Bxd4 Bxd4 11. h3 Bxf3 12. Qxf3 Qxf3 13. Bxf3 Nf6 14. Ne2 c5 15. Nxd4 cxd4 16. Bd1 Ke7 17. f4 Nd7 18. b4 Rac8 19. Ba4 f6 20. Bxd7 Kxd7 21. fxe5 dxe5 22. Rfc1 Rc6 23. a4 Rhc8 24. b5 Rc5 25. Rcb1 Ke6 26. Kf2 f5 27. Kf3 Rf8 28. Rf1 g6 29. g4 1/2-1/2

[Event "Oberpfalz-ch M2"]
[Site "Schwarzenfeld"]
[Date "2005.??.??"]
[Round "7"]
[White "Janas, Uwe"]
[Black "Guertler, Franz Josef"]
[Result "0-1"]
[WhiteElo "1485"]
[BlackElo "1854"]
[PlyCount "30"]
[EventDate "2005.03.19"]
[EventType "swiss"]
[EventRounds "8"]
[EventCountry "GER"]
[SourceTitle "EXT 2022"]
[Source "ChessBase"]
[SourceDate "2021.10.06"]
[SourceVersion "1"]
[SourceVersionDate "2021.10.06"]
[SourceQuality "1"]

1. e4 g6 2. c4 Bg7 3. Nc3 d6 4. d4 Nf6 5. Nf3 0-0 6. Be3 Nbd7 7. b4 e5 8. d5 Ng4 9. Qd3 Nxe3 10. Qxe3 f5 11. exf5 gxf5 12. Be2 e4 13. Nd4 Qf6 14. 0-0-0 Bh6 15. f4 exf3 0-1

[Event "Oberpfalz-ch M2"]
[Site "Schwarzenfeld"]
[Date "2005.??.??"]
[Round "3"]
[White "Janas, Uwe"]
[Black "Hessler, Markus"]
[Result "1-0"]
[WhiteElo "1485"]
[BlackElo "1713"]
[PlyCount "93"]
[EventDate "2005.03.19"]
[EventType "swiss"]
[EventRounds "8"]
[EventCountry "GER"]
[SourceTitle "EXT 2022"]
[Source "ChessBase"]
[SourceDate "2021.10.06"]
[SourceVersion "1"]
[SourceVersionDate "2021.10.06"]
[SourceQuality "1"]

1. e4 e6 2. c4 c5 3. Nc3 b6 4. g3 Bb7 5. Bg2 d6 6. Nge2 Nf6 7. 0-0 Be7 8. e5 Bxg2 9. exf6 Bxf1 10. fxe7 Qxe7 11. Qxf1 0-0 12. d4 Nc6 13. d5 Ne5 14. b3 a6 15. Nf4 Nd7 16. Qe2 e5 17. Nh3 h6 18. Qh5 Qf6 19. Ne4 Qe7 20. Bxh6 gxh6 21. Qxh6 f5 22. Nxd6 Qf6 23. Qg5+ Qxg5 24. Nxg5 Rf6 25. Ne6 Nf8 26. Rd1 Nxe6 27. dxe6 Rxe6 28. Nxf5 Kf7 29. h4 Kf6 30. Ne3 Rc8 31. Rd7 Kg6 32. Kg2 Rf8 33. Nd5 Rf7 34. h5+ Kg7 35. Rxf7+ Kxf7 36. g4 a5 37. Kf3 Rh6 38. Ke4 Rc6 39. g5 Rd6 40. Kxe5 Re6+ 41. Kf5 Re2 42. f4 Rxa2 43. h6 a4 44. g6+ Kg8 45. bxa4 Rh2 46. Nf6+ Kh8 47. g7# 1-0

[Event "Oberpfalz-ch M3"]
[Site "Regensburg"]
[Date "2004.04.05"]
[Round "5.1"]
[White "Janas, Uwe"]
[Black "Von Dichter, Elena"]
[Result "1/2-1/2"]
[WhiteElo "1466"]
[BlackElo "1592"]
[PlyCount "68"]
[EventDate "2004.04.03"]
[EventType "swiss"]
[EventRounds "8"]
[EventCountry "GER"]
[SourceTitle "EXT 2022"]
[Source "ChessBase"]
[SourceDate "2021.10.06"]
[SourceVersion "1"]
[SourceVersionDate "2021.10.06"]
[SourceQuality "1"]

1. c4 e5 2. Nc3 Nf6 3. g3 Nc6 4. Bg2 Bc5 5. e3 0-0 6. Nge2 a6 7. a3 d6 8. b4 Ba7 9. 0-0 Ne7 10. d4 c6 11. dxe5 dxe5 12. c5 Ned5 13. e4 Nxc3 14. Nxc3 Bg4 15. f3 Be6 16. Be3 Nd7 17. Na4 Qc7 18. f4 Rfd8 19. Qc2 b5 20. Nb2 exf4 21. gxf4 Nf6 22. f5 Bd7 23. Bf4 Qc8 24. Bg5 Bb8 25. Nd3 Ng4 26. Qe2 Nxh2 27. Qh5 f6 28. Bxf6 gxf6 29. e5 Be8 30. Qh6 Ng4 31. Qh4 Nxe5 32. Qxf6 Nxd3 33. Qg5+ Kh8 34. Qf6+ Kg8 1/2-1/2

[Event "Oberpfalz-ch M3"]
[Site "Regensburg"]
[Date "2004.04.04"]
[Round "3.5"]
[White "Janas, Uwe"]
[Black "Ponkratz, Andreas"]
[Result "1-0"]
[WhiteElo "1466"]
[BlackElo "1347"]
[PlyCount "75"]
[EventDate "2004.04.03"]
[EventType "swiss"]
[EventRounds "8"]
[EventCountry "GER"]
[SourceTitle "EXT 2022"]
[Source "ChessBase"]
[SourceDate "2021.10.06"]
[SourceVersion "1"]
[SourceVersionDate "2021.10.06"]
[SourceQuality "1"]

1. c4 e5 2. Nc3 Nf6 3. g3 Bb4 4. a3 Bxc3 5. bxc3 d5 6. cxd5 Qxd5 7. f3 Nc6 8. Bg2 Qd6 9. a4 Be6 10. Nh3 h6 11. Nf2 Rd8 12. d3 Na5 13. Ba3 Qc6 14. Bb4 Nb3 15. Ra3 a5 16. Rxb3 axb4 17. Rxb4 Qxc3+ 18. Qd2 Qxd2+ 19. Kxd2 b6 20. Rc1 Rc8 21. f4 exf4 22. Bb7 Nd5 23. Bxc8 Nxb4 24. Bxe6 fxe6 25. Rxc7 0-0 26. gxf4 Rxf4 27. Rc4 Nxd3 28. Rc8+ Rf8 29. Rxf8+ Kxf8 30. Kxd3 g5 31. Kc4 Ke7 32. Kb5 Kf6 33. Kxb6 Kf5 34. a5 Kf4 35. a6 h5 36. Nh3+ Kg4 37. Nxg5 Kxg5 38. a7 1-0

[Event "Oberpfalz-ch M3"]
[Site "Regensburg"]
[Date "2004.04.04"]
[Round "4.3"]
[White "Ziegler, Thomas"]
[Black "Janas, Uwe"]
[Result "0-1"]
[WhiteElo "1464"]
[BlackElo "1466"]
[PlyCount "104"]
[EventDate "2004.04.03"]
[EventType "swiss"]
[EventRounds "8"]
[EventCountry "GER"]
[SourceTitle "EXT 2022"]
[Source "ChessBase"]
[SourceDate "2021.10.06"]
[SourceVersion "1"]
[SourceVersionDate "2021.10.06"]
[SourceQuality "1"]

1. e4 c5 2. Nf3 a6 3. Nc3 Nc6 4. d4 cxd4 5. Nxd4 Qc7 6. Be3 e6 7. Bd3 Nf6 8. a3 Be7 9. Qe2 0-0 10. g3 e5 11. Nf5 d6 12. Nxe7+ Nxe7 13. f4 Ng4 14. f5 Nxe3 15. Qxe3 b5 16. g4 Bb7 17. h4 f6 18. g5 Nxf5 19. Qh3 Nd4 20. 0-0-0 Bc8 21. Nd5 Bxh3 22. Nxc7 Ra7 23. Nxb5 axb5 24. Rxh3 fxg5 25. hxg5 Rf2 26. c3 Nb3+ 27. Kb1 Nd2+ 28. Ka1 Nc4 29. Rf1 Rxf1+ 30. Bxf1 Rf7 31. Bxc4 bxc4 32. g6 Rf1+ 33. Ka2 hxg6 34. a4 Kf7 35. Rg3 Rf4 36. Re3 g5 37. a5 g4 38. a6 Kg6 39. Ka3 Kg5 40. Kb4 Rf2 41. Kxc4 Rxb2 42. Rd3 Rb6 43. a7 Ra6 44. Rxd6 Rxa7 45. Kd3 Ra2 46. Ke3 g3 47. Kf3 g2 48. Rd1 Kh4 49. Rb1 g5 50. Rg1 g4+ 51. Ke3 Kg3 52. c4 Kh2 0-1